000 00364nam a2200145Ia 4500
008 241127s9999||||xx |||||||||||||| ||und||
020 _c00
040 _beng
_cSSK Library
_erda
082 _a028.8/PRE
245 4 _aThe Prentice Hall Self-Assessment Library
260 _b Prentice Hall
_c©1999
942 _22ddc
_cBOOK
_nNo
999 _c10860
_d10860
003 OSt
005 20241127152838.0